000 00595nam a2200157 i 4500
001 66094
003 ES-MaACL
005 20230906165537.0
007 t|
008 040127s1924 fr ||||1| fre d
100 1 _aGabriel, Edmond.
_953149
245 1 0 _aEnseignement professionnel
_b: problemes de mecanique : solutionnaire des problemes proposées dans la mecanique theorique et pratique. (tome I et tome II) /
_cpar Edmond Gabriel.
260 _aParis :
_bLib. General,
_c1924 (
_eTours :
_fImprimiere Mame)
300 _aVII, 508 p. :
_bil. ;
_c22 cm.
852 _aES-MaACL
_jF-15903
_bR.20659
999 _c66094
_d66094